|
|
|
|
| LEADER |
01094cam a2200277 7i4500 |
| 001 |
0000019708 |
| 005 |
20170218090000.0 |
| 008 |
080507 eng |
| 020 |
|
|
|a 9780824750572 (hbk.)
|
| 020 |
|
|
|a 0824750578 (hbk.)
|
| 040 |
|
|
|a IIUM
|
| 090 |
0 |
0 |
|a TA1637
|b .I43 2004
|
| 245 |
0 |
0 |
|a Image processing technologies :
|b algorithms, sensors, and applications
|c edited by Kiyoharu Aizawa, Katsuhiko Sakaue, Yasuhito Suenaga.
|
| 260 |
|
|
|a New York:
|b Marcel Dekker, Inc.,
|c 2004.
|
| 300 |
|
|
|a x, 282 p.:
|b ill.;
|c 24 cm.
|
| 490 |
0 |
|
|a Signal processing and communications
|
| 504 |
|
|
|a Includes bibliographical references and index
|
| 650 |
0 |
0 |
|a Computer algorithms
|
| 650 |
0 |
0 |
|a Image processing --
|x Digital techniques
|
| 700 |
1 |
|
|a Kiyoharu, Aizawa
|
| 700 |
1 |
|
|a Katsuhiko, Sakaue
|
| 700 |
1 |
|
|a Yasuhito, Suenaga
|
| 997 |
|
|
|a Communication, Visual Art & Computing, Faculty
|b Computing, Department
|
| 998 |
|
|
|a Computer Science, Degree
|
| 999 |
|
|
|a 0000030985
|b BOK
|c OPEN SHELF
|e 2nd Floor, Bestari Jaya
|
| 999 |
|
|
|a 0000031345
|b BOK
|c OPEN SHELF
|e 2nd Floor, Bestari Jaya
|